00512nam a2200145Ia 4500041001200000082001200012100006500024245008800089260006700177300001500244536004600259546001200305650002700317650002200344 aEnglish aRP.0342 aPradhan, JalandharuNational Institute of TechnologyvOdisha 4aThe economic impact of malaria in the tribal regions of Odisha /cJalandhar Pradhan aNew Delhi :bIndian Council oF Social Science Research, c2014 axii, 90 p. aIndian Council of Social Science Research aEnglish aMalariaxIndiazOdisha aMedical economics